[Event "2. Magistral Marcel Duchamp 2010"]
[Site "Buenos Aires"]
[Date "2010.12.17"]
[Round "7.2"]
[White "Pierrot, Facundo"]
[Black "Ricardi, Pablo"]
[Result "1/2-1/2"]
[WhiteElo "2439"]
[BlackElo "2517"]
[PlyCount "80"]
[EventDate "2010.12.11"]
[EventType "tourn"]
[EventRounds "9"]
[EventCountry "ARG"]
[EventCategory "9"]
[Source "lmi"]
[SourceDate "2010.12.11"]

1. e4 c5 2. Nf3 d6 3. d4 cxd4 4. Nxd4 Nf6 5. Nc3 a6 6. Be2 e5 7. Nb3 Be7 8. Bg5
Be6 9. Bxf6 Bxf6 10. Qd3 Bg5 11. Rd1 Nc6 12. a3 O-O 13. Qxd6 Nd4 14. Qxd8 Nxc2+
15. Kf1 Raxd8 16. Nc5 Rxd1+ 17. Bxd1 Nd4 18. Nxe6 fxe6 19. Ne2 Be3 20. f3 Rc8
21. a4 Kf7 22. Nxd4 exd4 23. Ke2 Bc1 24. Bb3 Kf6 25. Kd3 Bxb2 26. Bc4 b5 27.
axb5 axb5 28. Bxb5 Rc3+ 29. Kd2 Rb3 30. Ba4 Bc3+ 31. Kd3 Ra3 32. Bc2 Ba5+ 33.
Kxd4 e5+ 34. Kd5 Ra2 35. Rc1 Bd2 36. Bb3 Ra5+ 37. Rc5 Rxc5+ 38. Kxc5 Be3+ 39.
Kc4 Bg1 40. h3 Bh2 1/2-1/2

[Event "2. Magistral Marcel Duchamp 2010"]
[Site "Buenos Aires"]
[Date "2010.12.17"]
[Round "7.4"]
[White "Dos Santos, Ramiro"]
[Black "Saldaño Dayer, Horacio"]
[Result "1-0"]
[WhiteElo "2450"]
[BlackElo "2405"]
[PlyCount "91"]
[EventDate "2010.12.11"]
[EventType "tourn"]
[EventRounds "9"]
[EventCountry "ARG"]
[EventCategory "9"]
[Source "lmi"]
[SourceDate "2010.12.11"]

1. e4 d6 2. d4 g6 3. Nc3 Bg7 4. Nf3 a6 5. Bg5 Nd7 6. Qd2 b5 7. a4 b4 8. Nd5 a5
9. Bd3 Bb7 10. c3 Ngf6 11. Nxf6+ Nxf6 12. d5 bxc3 13. bxc3 O-O 14. Rb1 Bc8 15.
O-O Bd7 16. Bc2 c6 17. Rfe1 Ng4 18. dxc6 Bxc6 19. Nd4 Rc8 20. Bb3 Bd7 21. f4
Qc7 22. h3 e5 23. hxg4 exd4 24. cxd4 Qa7 25. e5 dxe5 26. fxe5 Bxg4 27. Be3 Bf5
28. Rbc1 Rb8 29. Ba2 Rb4 30. Rc4 Rb7 31. d5 Bh6 32. Rh4 Bxe3+ 33. Qxe3 Qxe3+
34. Rxe3 Rb2 35. Bc4 Rb4 36. e6 fxe6 37. dxe6 Re8 38. e7+ Kh8 39. Rd4 Rxc4 40.
Rxc4 Kg7 41. Rc5 Bd7 42. Rxa5 Rb8 43. Rd5 Be8 44. Rd8 Rb1+ 45. Kh2 Kf7 46. Ra8
1-0

[Event "2. Magistral Marcel Duchamp 2010"]
[Site "Buenos Aires"]
[Date "2010.12.17"]
[Round "7.5"]
[White "Milos, Gilberto"]
[Black "Mareco, Sandro"]
[Result "1/2-1/2"]
[WhiteElo "2596"]
[BlackElo "2603"]
[PlyCount "45"]
[EventDate "2010.12.11"]
[EventType "tourn"]
[EventRounds "9"]
[EventCountry "ARG"]
[EventCategory "9"]
[Source "lmi"]
[SourceDate "2010.12.11"]

1. d4 Nf6 2. c4 e6 3. Nf3 b6 4. Nc3 Bb7 5. a3 d5 6. cxd5 Nxd5 7. Qc2 Be7 8. e4
Nxc3 9. bxc3 c5 10. Bb5+ Bc6 11. Bd3 O-O 12. O-O Bb7 13. d5 exd5 14. exd5 h6
15. Bf4 Bd6 16. Bxd6 Qxd6 17. c4 Nd7 18. Bh7+ Kh8 19. Bf5 Nf6 20. a4 Ba6 21. g3
Rac8 22. Rfe1 Kg8 23. Bd3 1/2-1/2

[Event "2. Magistral Marcel Duchamp 2010"]
[Site "Buenos Aires"]
[Date "2010.12.18"]
[Round "8.2"]
[White "Saldaño Dayer, Horacio"]
[Black "Milos, Gilberto"]
[Result "1/2-1/2"]
[WhiteElo "2405"]
[BlackElo "2596"]
[PlyCount "92"]
[EventDate "2010.12.11"]
[EventType "tourn"]
[EventRounds "9"]
[EventCountry "ARG"]
[EventCategory "9"]
[Source "lmi"]
[SourceDate "2010.12.11"]

1. e4 c5 2. Nf3 d6 3. Bb5+ Nd7 4. d4 Ngf6 5. Nc3 cxd4 6. Qxd4 e5 7. Qd3 h6 8.
Be3 Be7 9. O-O O-O 10. Bc4 a6 11. a4 Qc7 12. Nh4 Nc5 13. Bxc5 Qxc5 14. Ng6 Re8
15. Nxe7+ Rxe7 16. Rfd1 Rc7 17. Bb3 Bg4 18. Rd2 Rd8 19. Nd5 Nxd5 20. Bxd5 Be6
21. c3 Bxd5 22. Qxd5 Qxd5 23. Rxd5 Kf8 24. f3 Rc5 25. Rad1 Rxd5 26. Rxd5 Ke7
27. c4 g6 28. Kf2 Rc8 29. b3 f5 30. Ke3 f4+ 31. Ke2 g5 32. a5 h5 33. h3 Ke6 34.
Kf2 Rc7 35. Ke2 Rg7 36. Kf2 g4 37. fxg4 hxg4 38. hxg4 Rxg4 39. Rd3 Rh4 40. Rd1
Rh8 41. Kg1 b6 42. axb6 Rb8 43. Rd5 Rxb6 44. c5 dxc5 45. Rxc5 Kf6 46. Ra5 Rxb3
1/2-1/2

[Event "2. Magistral Marcel Duchamp 2010"]
[Site "Buenos Aires"]
[Date "2010.12.18"]
[Round "8.4"]
[White "Ricardi, Pablo"]
[Black "Rodriguez Vila, Andres"]
[Result "1/2-1/2"]
[WhiteElo "2517"]
[BlackElo "2556"]
[PlyCount "25"]
[EventDate "2010.12.11"]
[EventType "tourn"]
[EventRounds "9"]
[EventCountry "ARG"]
[EventCategory "9"]
[Source "lmi"]
[SourceDate "2010.12.11"]

1. Nf3 e6 2. c4 b6 3. g3 Bb7 4. Bg2 c5 5. O-O Nf6 6. Nc3 Na6 7. Re1 Be7 8. e4
O-O 9. b3 d5 10. exd5 exd5 11. Nh4 Qd7 12. Nf5 Bd8 13. Qf3 1/2-1/2

[Event "2. Magistral Marcel Duchamp 2010"]
[Site "Buenos Aires"]
[Date "2010.12.18"]
[Round "8.5"]
[White "Perez Ponsa, Federico"]
[Black "Pierrot, Facundo"]
[Result "1/2-1/2"]
[WhiteElo "2469"]
[BlackElo "2439"]
[PlyCount "72"]
[EventDate "2010.12.11"]
[EventType "tourn"]
[EventRounds "9"]
[EventCountry "ARG"]
[EventCategory "9"]
[Source "lmi"]
[SourceDate "2010.12.11"]

1. e4 e5 2. Nf3 Nf6 3. d4 Nxe4 4. dxe5 d5 5. Nbd2 Nc5 6. Nb3 Bg4 7. h3 Bh5 8.
Be2 Nc6 9. O-O Nxb3 10. axb3 Be7 11. Re1 O-O 12. c3 Qd7 13. b4 a6 14. Bf4 Rad8
15. Nd4 Bxe2 16. Rxe2 Nxd4 17. Qxd4 Qb5 18. Rd2 c5 19. bxc5 Bxc5 20. Qd3 Qc6
21. Qg3 f6 22. Rad1 b5 23. Bh6 Rf7 24. exf6 Qxf6 25. Bg5 Qg6 26. Bh4 Qxg3 27.
Bxg3 Rfd7 28. Bh4 Be7 29. Bxe7 Rxe7 30. Rxd5 Rxd5 31. Rxd5 Re1+ 32. Kh2 Re2 33.
b4 Rxf2 34. Rd6 Ra2 35. Rd7 h6 36. Rc7 Ra3 1/2-1/2

[Event "2. Magistral Marcel Duchamp 2010"]
[Site "Buenos Aires"]
[Date "2010.12.19"]
[Round "9.1"]
[White "Pierrot, Facundo"]
[Black "Flores, Diego"]
[Result "1/2-1/2"]
[WhiteElo "2439"]
[BlackElo "2608"]
[PlyCount "34"]
[EventDate "2010.12.11"]
[EventType "tourn"]
[EventRounds "9"]
[EventCountry "ARG"]
[EventCategory "9"]
[Source "lmi"]
[SourceDate "2010.12.11"]

1. e4 c5 2. Nf3 e6 3. c3 Nf6 4. e5 Nd5 5. Bc4 Nc6 6. O-O d6 7. d4 cxd4 8. cxd4
Be7 9. Qe2 O-O 10. Qe4 Bd7 11. exd6 Bxd6 12. Nc3 Nce7 13. Ne5 Bxe5 14. Qxe5
Nxc3 15. bxc3 Rc8 16. Bb3 Ng6 17. Qg3 Bb5 1/2-1/2

[Event "2. Magistral Marcel Duchamp 2010"]
[Site "Buenos Aires"]
[Date "2010.12.19"]
[Round "9.2"]
[White "Rodriguez Vila, Andres"]
[Black "Perez Ponsa, Federico"]
[Result "1/2-1/2"]
[WhiteElo "2556"]
[BlackElo "2469"]
[PlyCount "22"]
[EventDate "2010.12.11"]
[EventType "tourn"]
[EventRounds "9"]
[EventCountry "ARG"]
[EventCategory "9"]
[Source "lmi"]
[SourceDate "2010.12.11"]

1. e4 c6 2. d4 d5 3. f3 dxe4 4. fxe4 e5 5. Nf3 Bg4 6. Bc4 Nd7 7. O-O Ngf6 8.
Be3 Bd6 9. Nc3 O-O 10. Qe1 Bxf3 11. gxf3 exd4 1/2-1/2

[Event "2. Magistral Marcel Duchamp 2010"]
[Site "Buenos Aires"]
[Date "2010.12.19"]
[Round "9.3"]
[White "Dos Santos, Ramiro"]
[Black "Ricardi, Pablo"]
[Result "1/2-1/2"]
[WhiteElo "2450"]
[BlackElo "2517"]
[PlyCount "67"]
[EventDate "2010.12.11"]
[EventType "tourn"]
[EventRounds "9"]
[EventCountry "ARG"]
[EventCategory "9"]
[Source "lmi"]
[SourceDate "2010.12.11"]

1. e4 c5 2. c3 d5 3. exd5 Qxd5 4. Nf3 Nf6 5. d4 cxd4 6. cxd4 g6 7. Nc3 Qd8 8.
Bc4 Bg7 9. Qa4+ Bd7 10. Qb3 O-O 11. Ne5 Be8 12. O-O Nc6 13. Nxc6 bxc6 14. Re1
e6 15. Bf4 Nh5 16. Be5 Bxe5 17. dxe5 c5 18. Be2 Bc6 19. Bxh5 Qg5 20. Ne4 Bxe4
21. Rxe4 Qxh5 22. Qe3 Rfd8 23. h3 Rd1+ 24. Rxd1 Qxd1+ 25. Kh2 Qc2 26. Qe2 Qxe2
27. Rxe2 Rd8 28. b3 g5 29. Kg3 Kg7 30. h4 h6 31. hxg5 hxg5 32. Re4 Rd5 33. Ra4
Rxe5 34. Rxa7 1/2-1/2

[Event "2. Magistral Marcel Duchamp 2010"]
[Site "Buenos Aires"]
[Date "2010.12.19"]
[Round "9.5"]
[White "Mareco, Sandro"]
[Black "Saldaño Dayer, Horacio"]
[Result "1-0"]
[WhiteElo "2603"]
[BlackElo "2405"]
[PlyCount "63"]
[EventDate "2010.12.11"]
[EventType "tourn"]
[EventRounds "9"]
[EventCountry "ARG"]
[EventCategory "9"]
[Source "lmi"]
[SourceDate "2010.12.11"]

1. d4 Nf6 2. c4 g6 3. Nc3 Bg7 4. e4 d6 5. Nf3 O-O 6. Be2 e5 7. O-O Nc6 8. d5
Ne7 9. Ne1 Nd7 10. Nd3 f5 11. Bd2 fxe4 12. Nxe4 Nf6 13. f3 Nf5 14. Ndf2 c6 15.
Kh1 cxd5 16. cxd5 Qb6 17. a4 a5 18. b3 Bd7 19. Bc4 Nxe4 20. Nxe4 Bh6 21. Bxh6
Nxh6 22. Qd2 Nf5 23. Rae1 Qd4 24. Qg5 Kg7 25. Nxd6 Nxd6 26. Qe7+ Nf7 27. Qxd7
b6 28. Re4 Qc5 29. f4 Rad8 30. Qh3 Ng5 31. fxg5 Qxc4 32. Qh6+ 1-0